000 01504cam a22003978a 4500
001 14715264
003 1905209290
005 20211102111337.0
008 070129s2006 enk b 001 0 eng
010 _a 2007003333
020 _a1905209290
038 _akhadija
040 _aDLC
_cDLC
_dDLC
041 1 _aeng
_hfre
050 0 0 _aTJ1058
_bK79 2006
082 0 0 _a621.811
_222
_bKRY
100 1 _aKrysinski, Tomasz.
_935954
240 1 0 _aOrigine et controle des vibrations mechaniques.
_lEnglish
245 1 0 _aMechanical Vibrations :
_bActive and Passive Control /
_cTomasz Krysinski, François Malburet.
260 _aLondon ;
_aNewport Beach, CA :
_bISTE,
_cc2006.
263 _a0702
300 _ap. cm.
500 _aHardcover.
504 _aIncludes bibliographical references and index.
563 _aHardcover
650 0 _aRotors
_xVibration.
_935955
650 0 _aDamping (Mechanics)
_924642
650 0 _aStructural control (Engineering)
_935956
700 1 _aMalburet, François.
_935957
856 4 1 _3Table of contents only
_uhttp://www.loc.gov/catdir/toc/ecip079/2007003333.html
856 4 2 _3Contributor biographical information
_uhttp://www.loc.gov/catdir/enhancements/fy0806/2007003333-b.html
856 4 2 _3Publisher description
_uhttp://www.loc.gov/catdir/enhancements/fy0806/2007003333-d.html
906 _a7
_brix
_corignew
_d1
_eecip
_f20
_gy-gencatlg
942 _2ddc
_cBK
_h621.811
999 _c31610
_d31610